000 00828cam a2200241 4500
001 ABS62008
008 000000n2000 000 0 eng u
035 _a(Sirsi) u104614
100 _aGrosvenor, R.
245 4 _aThe valuation profession beyond post modernism
260 _c2000
490 _aAustralian Property Journal
_v36(1) February 2000 6-10(5)
520 _aEmphasises the increasingly important role of the core components of the valuation profession - ethics, knowledge and client service - in maintaining the profession's relevance.
590 _aABS
650 _aARCHITECTURE
650 _aPOST MODERNISM
650 _aNEW ZEALAND INSTITUTE OF VALUERS
650 _aETHICS
650 _aKNOWLEDGE
650 _aCLIENT SERVICE
690 _aPROPERTY-PROPERTY APPRAISAL AND VALUATION
942 _n0
999 _c62769
_d62769